Normal view
MARC view
- Gupta Sen Subhadra
Entry Personal Name
001 - CONTROL NUMBER
- control field: 7755
003 - CONTROL NUMBER IDENTIFIER
- control field: OSt
005 - DATE AND TIME OF LATEST TRANSACTION
- control field: 20240404121227.0
008 - FIXED-LENGTH DATA ELEMENTS
- fixed length control field: 240404|| aca||aabn | a|a d
040 ## - CATALOGING SOURCE
- Original cataloging agency: OSt
- Transcribing agency: OSt
100 ## - HEADING--PERSONAL NAME
- Personal name: Gupta Sen Subhadra
670 ## - SOURCE DATA FOUND
- Source citation: Work cat.: (OSt)12548: Gupta Sen Subhadra, A Children History of India, 2015